Une ville, un pays (lettre A) - Statistiques

Statistiques générales
  • Ce quiz a été pris 180 fois
  • Le résultat moyen est 16 sur 24
Statistiques - réponses
Hint Réponse % Correct
Angers France
98%
Alexandrie Egypte
95%
Anvers Belgique
94%
Atlanta Etats-Unis
94%
Abidjan Côte d'Ivoire
91%
Agadir Maroc
91%
Adelaïde Australie
88%
Aix-la-Chapelle Allemagne
87%
Acapulco Mexique
87%
Auckland Nouvelle-Zélande
85%
Antalya Turquie
84%
Ancône Italie
70%
Albacete Espagne
69%
Aalborg Danemark
67%
Ahmedabad Inde
65%
Aarau Suisse
59%
Arnhem Pays-Bas
55%
Annaba Algérie
53%
Akita Japon
53%
Arequipa Pérou
40%
Antofagasta Chili
33%
Aqaba Jordanie
23%
Antsirabé Madagascar
23%
Arusha Tanzanie
12%
Aucun quiz correspondant
Distribution des résultats
% des personnes avec chaque résultat
Percentile par nombre de réponses
Votre historique - résultats
Vous n’avez pas pris ce quiz